LEADER 01218nam a22003011i 4500 001 991002753909707536 005 20040319135404.0 008 040624s1992 fr |||||||||||||||||fre 020 $a2251604766 035 $ab1297285x-39ule_inst 035 $aARCHE-093053$9ExL 040 $aDip.to Beni Culturali$bita$cA.t.i. Arché s.c.r.l. Pandora Sicilia s.r.l. 082 04$a939.33 100 1 $aChtcheglov, Alexandre$0459724 245 10$aPolis et chora :$bcité et territoire dans le Pont-Euxin /$cAlexandre Chtcheglov ; traduction de Jacqueline Gaudey ; préface de Aleksandra Wasowicz 260 $aParis :$bLes belles lettres,$c1992 300 $a302 p. ;$c16 cm 440 0$aCentre de recherches d'histoire ancienne.$pEspaces et paysages ;$v1 500 $aN. 118 della serie principale 650 4$aCrimea$xStoria$xAntichità 700 1 $aGaudey, Jacqueline 700 1 $aWasowicz, Aleksandra 907 $a.b1297285x$b02-04-14$c12-07-04 912 $a991002753909707536 945 $aLE001 AN XXII 46$g1$i2001000059720$lle001$nC. 1$o-$pE0.00$q-$rl$s- $t0$u0$v0$w0$x0$y.i13576021$z12-07-04 996 $aPolis et chora$9178031 997 $aUNISALENTO 998 $ale001$b12-07-04$cm$da $e-$ffre$gfr $h0$i1 LEADER 01366nam0 22003011i 450 001 UON00209315 005 20231205103328.107 010 $a88-15-06227-0 100 $a20030730d1997 |0itac50 ba 101 $aita 102 $aIT 105 $a|||| ||||| 200 1 $aˆIl ‰ mercato e la tutela della concorrenza$eintroduzione all'economia e alla politica della concorrenza$fFabio Gobbo$econ la collaborazione di Ginevra Bruzzone, Massimo Ferrero, Gabriella Utili 210 $aBologna$cIl Mulino$d1997. 351 p. ; 24 cm. 410 1$1001UON00066189$12001 $aStrumenti. Economia 606 $aConcorrenza$xStudi$3UONC039492$2FI 620 $aIT$dBologna$3UONL000085 700 1$aGOBBO$bFabio$3UONV125904$083961 702 1$aBRUZZONE$bGinevra$3UONV125905 702 1$aFERRERO$bMassimo$3UONV125906 702 1$aUTILI$bGabriella$3UONV125907 712 $aIl Mulino$3UONV245824$4650 801 $aIT$bSOL$c20250217$gRICA 912 $aUON00209315 950 $aSIBA - SISTEMA BIBLIOTECARIO DI ATENEO$dSI I 0048 $eSI SC 32071 6 0048 $sSmarrito 950 $aSIBA - SISTEMA BIBLIOTECARIO DI ATENEO$dSI PUB G 0745 $eSI SC 32260 5 0745 996 $aMercato e la tutela della concorrenza$952041 997 $aUNIOR